Statistics for Common Knowledge #29

Click here to take the quiz!

General Stats

  • This quiz has been taken 401 times
  • The average score is 21 of 26

Answer Stats

HintAnswer% Correct
What color are the stars on the American flag?White
100%
Name the seven continents.Africa
99%
In which continent is the country of Egypt found?Africa
99%
How many years are there in a century?100
98%
Name the seven continents.Asia
98%
Name the seven continents.Europe
98%
According to the Dr. Seuss book, who stole Christmas?The Grinch
98%
Name the seven continents.South America
97%
Name the seven continents.North America
96%
What is the name of the house where the President of America lives?
The White House
94%
Name the seven continents.Antarctica
92%
How many holes are there in a game of golf?18
90%
Name the seven continents.Australia
90%
What is the fastest thing in the universe?Light
90%
What is a Komodo Dragon?Lizard
87%
What is the name of the pirate in Peter Pan?Captain Hook
83%
Babe Ruth is associated with which sport?Baseball
82%
In which city did Hitler commit suicide?Berlin
82%
According to the old proverb, to which European capital city do all roads lead?Rome
77%
What is the name of the sugar-rich liquid that bees collect from plants and use to make honey?Nectar
75%
What did Moses receive on Mount Sinai?Ten Commandments
67%
Which fruit floats because 25% of its volume is air?Apple
51%
What was Mohammed Ali’s birth name?Cassius Clay
48%
Which type of dog has breeds called Scottish, Welsh and Irish?Terrier
48%
Who wrote songs for The Lion King?Elton John
41%
What was the first Disney animated film based on the life of a real person?Pocahontas
33%

Score Distribution

Percentile by Number Answered

Percent of People with Each Score

Your Score History

You have not taken this quiz